Statistics for 10 Most Populous Cities in Japan

Click here to take the quiz!

General Stats

  • This quiz has been taken 78 times
  • The average score is 7 of 10

Answer Stats

RankPop.Answer% Correct
18,336,599Tokyo
100%
32,592,413Osaka-shi
93%
71,459,640Kyoto
83%
23,574,443Yokohama
76%
51,883,027Sapporo
75%
42,191,279Nagoya-shi
72%
61,528,478Kobe
60%
81,392,289Fukuoka-shi
53%
91,306,785Kawasaki
28%
101,193,350Saitama
24%

Score Distribution

Percentile by Number Answered

Percent of People with Each Score

Your Score History

You have not taken this quiz